00346nam a22001337a 4500003000400000020001800004082001400022100001900036245008200055250000800137260003700145300001000182650002000192SGT a9788131262436 a611bG18V aVishram Singh  aGeneral Anatomy with Systemic Anatomy, Radiological Anatomy, Medical Genetics a3RD aNEW DELHI bElsevier Indiac2018 a1-248 aGeneral Anatomy